Catholic University of Zimbabwe Library
Online Public Access Catalogue
(OPAC)

Zimbabwe@40 : (Record no. 34281)

MARC details
000 -LEADER
fixed length control field 01177cam a2200313 i 4500
001 - CONTROL NUMBER
control field 22136359
008 - FIXED-LENGTH DATA ELEMENTS--GENERAL INFORMATION
fixed length control field 210716s2021 rh a b 000 0 eng d
010 ## - LIBRARY OF CONGRESS CONTROL NUMBER
LC control number 2021315438
020 ## - INTERNATIONAL STANDARD BOOK NUMBER
International Standard Book Number 9781779223937
Qualifying information (paperback)
020 ## - INTERNATIONAL STANDARD BOOK NUMBER
International Standard Book Number 1779223935
Qualifying information (paperback)
020 ## - INTERNATIONAL STANDARD BOOK NUMBER
Canceled/invalid ISBN 9781779223944
Qualifying information (ePub)
020 ## - INTERNATIONAL STANDARD BOOK NUMBER
Canceled/invalid ISBN 9781779223951
Qualifying information (PDF)
035 ## - SYSTEM CONTROL NUMBER
System control number (OCoLC)on1249799407
040 ## - CATALOGING SOURCE
Original cataloging agency YDX
Language of cataloging eng
Transcribing agency YDX
Description conventions rda
Modifying agency UIU
-- OCLCO
-- OCLCF
-- DLC
050 00 - LIBRARY OF CONGRESS CALL NUMBER
Classification number DT2996
Item number ZIM
245 00 - TITLE STATEMENT
Title Zimbabwe@40 :
Remainder of title development, democracy and transformation /
Statement of responsibility, etc. edited by Lloyd Sachikonye and David Kaulemu.
264 #1 - PRODUCTION, PUBLICATION, DISTRIBUTION, MANUFACTURE, AND COPYRIGHT NOTICE
Place of production, publication, distribution, manufacture Avondale, Harare, Zimbabwe :
Name of producer, publisher, distributor, manufacturer Weaver Press and The International Development Institute (IDI),
Date of production, publication, distribution, manufacture, or copyright notice 2021.
264 #4 - PRODUCTION, PUBLICATION, DISTRIBUTION, MANUFACTURE, AND COPYRIGHT NOTICE
Date of production, publication, distribution, manufacture, or copyright notice ©2021
Place of production, publication, distribution, manufacture Avondale, Harare, Zimbabwe :
Name of producer, publisher, distributor, manufacturer Weaver Press and The International Development Institute (IDI),
300 ## - PHYSICAL DESCRIPTION
Extent x, 182 pages :
Other physical details tables, graphs ;
Dimensions 23 cm
651 #0 - SUBJECT ADDED ENTRY--GEOGRAPHIC NAME
Geographic name Zimbabwe
651 #7 - SUBJECT ADDED ENTRY--GEOGRAPHIC NAME
Geographic name Zimbabwe.
942 ## - ADDED ENTRY ELEMENTS (KOHA)
Koha item type OS Book
336 ## - CONTENT TYPE
Content type term text
Content type code txt
337 ## - MEDIA TYPE
Media type term unmediated
Media type code n
338 ## - CARRIER TYPE
Source rdacarrier
Holdings
Withdrawn status Lost status Source of classification or shelving scheme Damaged status Not for loan Collection code Home library Current library Shelving location Date acquired Source of acquisition Inventory number Total Checkouts Full call number Barcode Date last seen Price effective from Koha item type
          Non-fiction CUZ Harare Campus CUZ Harare Campus Open Shelf 02.07.2021 Weaver Press CUH14268   DT2996 ZIM BK008932 02.11.2021 02.11.2021 OS Book
          Non-fiction CUZ Harare Campus CUZ Harare Campus Open Shelf 02.07.2021 Weaver Press CUH14270   DT2996 ZIM BK009139 02.11.2021 02.11.2021 OS Book
          Non-fiction CUZ Harare Campus CUZ Harare Campus Open Shelf 02.07.2021 Weaver Press CUH14267   DT2996 ZIM BK008929 02.11.2021 02.11.2021 OS Book
          Non-fiction CUZ Harare Campus CUZ Harare Campus Open Shelf 02.07.2021 Weaver Press CUH14269   DT2996 ZIM BK008970 02.11.2021 02.11.2021 OS Book

OPENING HOURS

Weekdays: 0815hrs - 1800hrs
Weekends:0900hrs - 1200hrs

Closed for Mass:

Mon, Thur: 1200hrs - 1300hrs
Sunday & Public Holiday’s

CALL SUPPORT

0242-570570, 0242-570169
09200664, +263 8644140602

LOCATION

18443, Cranborne Avenue, Hatfield, Harare

Other Links


©2021 | CUZ Library